Central Library OPAC University of Rajshahi

An outline of business law / (Record no. 46568)

MARC details
000 -LEADER
fixed length control field 00927cam a22002771 4500
001 - CONTROL NUMBER
control field 46568
003 - CONTROL NUMBER IDENTIFIER
rucl marc code BD-RjUL
005 - DATE AND TIME OF LATEST TRANSACTION
control field 20211209054155.0
008 - FIXED-LENGTH DATA ELEMENTS--GENERAL INFORMATION
fixed length control field 160803s1946 nyu 000 0 eng
035 ## - SYSTEM CONTROL NUMBER
System control number (BD-RjUL)46687
System control number (OCoLC)1819716
040 ## - CATALOGING SOURCE
Original cataloging agency DLC
Transcribing agency FJ
Modifying agency DLC
Language of cataloging eng
041 ## - LANGUAGE CODE
Language code of text/sound track or separate title eng
082 ## - DEWEY DECIMAL CLASSIFICATION NUMBER
Classification number 347.7
Author mark and year BAO 1949
100 1# - MAIN ENTRY--PERSONAL NAME
Personal name Babb, Hugh Webster,
Dates associated with a name 1887-
9 (RLIN) 142052
245 03 - TITLE STATEMENT
Title An outline of business law /
Statement of responsibility, etc. by Hugh W. Babb...and Charles Martin.
250 ## - EDITION STATEMENT
Edition statement Rev. ed.
260 ## - PUBLICATION, DISTRIBUTION, ETC. (IMPRINT)
Place of publication, distribution, etc. New York :
Name of publisher, distributor, etc. Barnes & Noble, inc.
Date of publication, distribution, etc. [1946 [reprint 1949]
300 ## - PHYSICAL DESCRIPTION
Pagination 381 p. :
Illustrations ill. ;
Size 21 cm.
500 ## - GENERAL NOTE
General note "Tabulated bibliography of standard textbooks on business law" 4th & 5th prelim. leaves.
650 #0 - SUBJECT ADDED ENTRY--TOPICAL TERM
Topical term or geographic name as entry element Commercial law
Geographic subdivision United States
9 (RLIN) 139107
700 1# - ADDED ENTRY--PERSONAL NAME
Personal name Martin, Charles,
Dates associated with a name 1808-
Relator term joint author.
942 ## - ADDED ENTRY ELEMENTS (KOHA)
Source of classification or shelving scheme Dewey Decimal Classification
Koha item type Books
Holdings
Lost status Source of classification or shelving scheme Damaged status Not for loan Collection code Permanent Location Current Location Shelving location Date acquired Source of acquisition Total Checkouts Full call number Date last seen Copy number Koha item type
  Dewey Decimal Classification     Non-fiction Central Library, University of Rajshahi Central Library, University of Rajshahi   10/11/1958 Asia Foundation   347.7 BAO 1949 03/08/2016 C-2 Books